The Beatles - Please Please Me (Tracks) - Statistics

General Stats
  • This quiz has been taken 137 times
  • The average score is 11 of 14
Answer Stats
Track Number Track Name % Correct
7 Please Please Me
97%
4 Chains
93%
14 Twist and Shout
93%
1 I Saw Her Standing There
92%
3 Anna (Go to Him)
85%
5 Boys
85%
8 Love Me Do
85%
11 Do You Want to Know a Secret
82%
2 Misery
82%
12 A Taste of Honey
80%
13 There's a Place
70%
6 Ask Me Why
64%
9 P.S. I Love You
64%
10 Baby It's You
59%
No matching quizzes found
Score Distribution
Percent of People with Each Score
Percentile by Number Answered
Your Score History
You have not taken this quiz